Medicina y mundialización : enfermedades infecciosas /

Detalles Bibliográficos
Autor principal: Pérez Sánchez, Clevy Heydy (Autor)
Otros Autores: Ayestarán, Ignacio (contributor agent of text.)
Formato: Electrónico eBook
Lenguaje:español
Publicado: Bogotá : Editorial Aula de Humanidades, 2024.
Edición:Primera edición.
Colección:Colección general (Editorial Aula de Humanidades)
Materias:
Acceso en línea:Digitalia Hispánica

MARC

LEADER 00000nam a2200000 i 4500
001 DIGAUHUM0033
003 NyNyDIG
007 cr |||||||||||
008 250501s2024 ck ob 000 0 spa d
006 m o d
035 |a (OCoLC)1519504595 
040 |a DGITA  |b eng  |e rda  |e pn  |c DGITA 
020 |a 9786287700635  |q (versión digital) 
020 |z 9786287700628  |q (versión impresa) 
050 1 4 |a RA643 ebook 
100 1 |a Pérez Sánchez, Clevy Heydy,  |e author. 
245 1 0 |a Medicina y mundialización :  |b enfermedades infecciosas /  |c Clevy Heydy Pérez Sánchez ; prólogo de Ignacio Ayestarán. 
250 |a Primera edición. 
264 1 |a Bogotá :  |b Editorial Aula de Humanidades,  |c 2024. 
300 |a 1 online resource. 
336 |a text  |b txt  |2 rdacontent 
337 |a computer  |b c  |2 rdamedia 
338 |a online resource  |b cr  |2 rdacarrier 
347 |a text file  |2 rdaft 
347 |b PDF 
490 1 |a Colección general 
504 |a Includes bibliographical references. 
588 0 |a Online resource; title from PDF title page (Digitalia, viewed May 1, 2025) 
650 0 |a Communicable diseases. 
650 0 |a World health. 
700 1 |a Ayestarán, Ignacio,  |e contributor agent of text. 
791 2 |a Digitalia (Firm),  |e distributor. 
793 0 |g Digitalia eBook Collection:  |a Editorial Aula de Humanidades 
776 0 8 |i Print version:  |a Pérez Sánchez, Clevy Heydy.  |t Medicina y mundialización.  |b Primera edición.  |d Bogotá : Editorial Aula de Humanidades, [2024]  |z 9786287700628 
830 0 |a Colección general (Editorial Aula de Humanidades) 
856 4 0 |3 Digitalia Hispánica  |u https://www.digitaliapublishing.com/a/170621/ 
910 |a Premium collection: 2025